Очерки по философии математики: пер. с фр.

Dades bibliogràfiques
Autor principal: Фрейсин Ш.
Idioma:rus
Publicat: Санкт-Петербург, Издание редакции журнала "Образование", 1902
Edició:2-е изд., значит. испр.
Matèries:
Format: MixedMaterials Llibre
KOHA link:https://koha.lib.tpu.ru/cgi-bin/koha/opac-detail.pl?biblionumber=318832

MARC

LEADER 00000nam0a2200000 4500
001 318832
005 20231102003122.0
035 |a (RuTPU)RU\TPU\book\344333 
090 |a 318832 
100 |a 20160506d1902 km y0rusy50 ca 
101 1 |a rus  |c fre 
102 |a RU 
105 |a y z 000zy 
200 1 |a Очерки по философии математики  |e пер. с фр.  |f Ш. Фрейсин 
205 |a 2-е изд., значит. испр. 
210 |a Санкт-Петербург  |c Издание редакции журнала "Образование"  |d 1902 
215 |a 175 с. 
606 1 |a Математика  |x Философские проблемы  |2 stltpush  |3 (RuTPU)RU\TPU\subj\41191  |9 61003 
610 1 |a философия 
610 1 |a математический анализ 
610 1 |a механика 
675 |a 51:1  |v 3 
700 1 |a Фрейсин  |b Ш. 
801 1 |a RU  |b 63413507  |c 20160506 
801 2 |a RU  |b 63413507  |c 20200924  |g RCR 
942 |c BK